000 01165pam a2200301 a 4500
999 _c129055
_d129055
001 4905443
003 ARRUPE
005 20190219110500.0
008 940407s1995 enk b 001 0 eng
010 _a 94012152
020 _a0415061946 (hbk.)
020 _a0415117836 (pbk.)
040 _aDLC
_cDLC
_dDLC
050 0 0 _aB3258.H324
_bB37 1995
082 0 0 _a193
_220
100 1 _aBernstein, J. M.
_944749
245 1 0 _aRecovering ethical life :
_bJürgen Habermas and the future of critical theory /
_cJ.M. Bernstein.
260 _aLondon ;
_aNew York :
_bRoutledge,
_c1995.
300 _axii, 249 p. ;
_c24 cm.
504 _aIncludes bibliographical references (p. 235-246) and index.
600 1 0 _aHabermas, Jürgen.
_944750
600 1 0 _aHabermas, Jürgen
_xEthics.
_944751
650 0 _aCritical theory.
_95606
650 0 _aEthics, Modern
_y20th century.
_944752
856 4 2 _3Publisher description
_uhttp://www.loc.gov/catdir/enhancements/fy0649/94012152-d.html
906 _a7
_bcbc
_corignew
_d1
_eocip
_f19
_gy-gencatlg
942 _2lcc
_cMONOGRAPH